| 000 | 01851cam a22002535a 4500 | ||
|---|---|---|---|
| 001 | 14336888 | ||
| 005 | 20201128024317.0 | ||
| 008 | 060411t2007 njua frb 001 0 eng d | ||
| 020 | _a9780131531130 | ||
| 020 | _a0131531131 | ||
| 040 |
_aDLC _cDLC _dBAKER _dC#P _dYDXCP _dOCLCQ _dDLC _dEG-ScBUE _beng |
||
| 082 | 0 | 4 |
_222 _a332.632042 _bKIR |
| 100 | 1 |
_aKirkpatrick, Charles D., _cII. |
|
| 245 | 1 | 0 |
_aTechnical analysis : _bthe complete resource for financial market technicians / _cCharles D. Kirkpatrick II, Julie R. Dahlquist. |
| 260 |
_aUpper Saddle River : _bFT Press Financial Times, _cc.2007. |
||
| 300 |
_axxviii, 672 p. : _bill. ; _c25 cm. |
||
| 504 | _aIncludes bibliographical references and index. | ||
| 505 | 0 | _aIntroduction -- Introduction to technical analysis -- The basic principle of technical analysis--the trend -- History of technical analysis -- The technical analysis controversy -- Markets and market indicators -- An overview of markets -- Dow theory -- Sentiment -- Measuring market strength -- Temporal patterns and cycles -- Flow of funds -- Trend analysis -- History and construction of charts -- Trends--the basics -- Breakouts, stops, and retracements -- Moving averages -- Chart pattern analysis -- Bar chart patterns -- Point-and-figure chart patterns -- Short-term patterns -- Trend confirmation -- Confirmation -- Other technical methods and rules -- Cycles -- Elliott, Fibonacci, and Gann -- Selection -- Selection of markets and issues: trading and investing -- System testing and management -- System design and testing -- Money and risk management -- Appendices -- Basic statistics -- Types of orders and other trader terminology. | |
| 541 | _aDonation from MR Farid Khamis. | ||
| 650 | 7 |
_a Investment analysis. _2BUEsh _91288 |
|
| 653 |
_bGGEN _cApril2018 |
||
| 700 | 1 |
_aDahlquist, Julie R., _d1962- |
|
| 942 | _2ddc | ||
| 999 |
_c26450 _d26422 |
||